00348 2200145 4500001002100000005001500021035002000036245005500056100001800111300001200129260002300141082001000164084001600174990001200190INLIS00000000000166820250429102755 a0010-04250000841 aKamus Arab :bArab - Indonesia /cM. Kasir Ibrahim0 aKasir Ibrahim a830 hlm aSurabaya :bApollo a492.7 a492.7 KAS k a0754671